000 01181cam a2200349 a 4500
001 805285
003 ASDERLÑPOJH
005 20220326193300.0
008 930831s1989 sp a b 000 0 spa d
010 _a 90184600
020 _a8420670839
035 _a(OCoLC)ocm22276443
035 _a(CStRLIN)NYCG90-B399
035 _a(NNC)805285
040 _aTxU
_cDLC
_dNNC
042 _alccopycat
043 _ae-sp---
050 0 4 _aN7108
_b.J56 1989
082 _a709.46
_bJ61a
100 1 _aJiménez-Blanco Carrillo de Albornoz, Ma. Dolores
_q(María Dolores)
_91316
245 1 0 _aArte y estado en la España del siglo XX /
_cMa. Dolores Jiménez-Blanco Carrillo de Albornoz ; prólogo de Francisco Calvo Serraller.
260 _aMadrid :
_bAlianza Editorial,
_cc1989.
300 _a299 p. :
_bill. ;
_c23 cm.
490 1 _aAlianza forma ;
_v83
504 _aIncludes bibliographical references.
650 0 _aArt, Spanish
_y20th century.
_91317
650 0 _xArte español-siglo 20
_xArte y estado-España
_xHistoria-S. 20
_91318
650 0 _aArt and state
_zSpain
_xHistory
_y20th century.
_91319
830 0 _aAlianza forma ;
_v83.
_91320
999 _c285
_d285